| 000 | 00919nam a2200253 i 4500 | ||
|---|---|---|---|
| 003 | DO-SdBNP | ||
| 005 | 20240307132459.0 | ||
| 007 | ta | ||
| 008 | 240307s201u dr a 000 j spa d | ||
| 040 |
_aDO-SdBNP _bspa _cBNPHU _erda |
||
| 082 |
_bS468 _222 |
||
| 100 |
_aSelman, Aidita _929006 |
||
| 245 | 1 | 0 |
_aFrancisco del Rosario Sánchez : _ben el bicentenario de su nacimiento, 9 de marzo de 1817 - 4 de julio de 1861 / _cAidita Selman ; dibujos Jorge E. Pérez ; color Cristian Felix |
| 264 | 1 |
_aSanto Domingo : _bDespacho Primera Dama, _bBanco Central, _c[201-]. |
|
| 300 |
_a[8] páginas, _bilustraciones _c28 cm. |
||
| 336 |
_2rdacontent _atexto _btxt |
||
| 337 |
_2rdamedia _asin mediación _bn |
||
| 338 |
_2rdacarrier _avolumen _bnc |
||
| 590 | _aInventariado, 2024/ YL | ||
| 700 | 1 |
_aPérez, Jorge E. _edibujos _984988 |
|
| 700 | 1 |
_aFelix, Cristian _ecolor _984991 |
|
| 910 | _aYLockward | ||
| 942 |
_2ddc _cLF2 |
||
| 999 |
_c56058 _d56058 |
||